<?xml version="1.0" encoding="UTF-8"?><?xml-stylesheet type="text/xsl" href="static/style.xsl"?><OAI-PMH xmlns="http://www.openarchives.org/OAI/2.0/" xmlns:xsi="http://www.w3.org/2001/XMLSchema-instance" xsi:schemaLocation="http://www.openarchives.org/OAI/2.0/ http://www.openarchives.org/OAI/2.0/OAI-PMH.xsd"><responseDate>2026-04-13T00:51:40Z</responseDate><request verb="GetRecord" identifier="oai:www.recercat.cat:2445/123304" metadataPrefix="marc">https://recercat.cat/oai/request</request><GetRecord><record><header><identifier>oai:recercat.cat:2445/123304</identifier><datestamp>2025-12-06T04:07:19Z</datestamp><setSpec>com_2072_1057</setSpec><setSpec>col_2072_478798</setSpec><setSpec>col_2072_478916</setSpec><setSpec>col_2072_478917</setSpec></header><metadata><record xmlns="http://www.loc.gov/MARC21/slim" xmlns:dcterms="http://purl.org/dc/terms/" xmlns:xsi="http://www.w3.org/2001/XMLSchema-instance" xmlns:doc="http://www.lyncode.com/xoai" xsi:schemaLocation="http://www.loc.gov/MARC21/slim http://www.loc.gov/standards/marcxml/schema/MARC21slim.xsd">
   <leader>00925njm 22002777a 4500</leader>
   <datafield ind2=" " ind1=" " tag="042">
      <subfield code="a">dc</subfield>
   </datafield>
   <datafield ind2=" " ind1=" " tag="720">
      <subfield code="a">Muñoz Esquerre, Mariana</subfield>
      <subfield code="e">author</subfield>
   </datafield>
   <datafield ind2=" " ind1=" " tag="720">
      <subfield code="a">Aliagas Marín, Elisabeth</subfield>
      <subfield code="e">author</subfield>
   </datafield>
   <datafield ind2=" " ind1=" " tag="720">
      <subfield code="a">López Sánchez, Marta</subfield>
      <subfield code="e">author</subfield>
   </datafield>
   <datafield ind2=" " ind1=" " tag="720">
      <subfield code="a">Escobar Campuzano, Ignacio</subfield>
      <subfield code="e">author</subfield>
   </datafield>
   <datafield ind2=" " ind1=" " tag="720">
      <subfield code="a">Huertas, Daniel</subfield>
      <subfield code="e">author</subfield>
   </datafield>
   <datafield ind2=" " ind1=" " tag="720">
      <subfield code="a">Penín, Rosa Maria</subfield>
      <subfield code="e">author</subfield>
   </datafield>
   <datafield ind2=" " ind1=" " tag="720">
      <subfield code="a">Dorca i Sargatal, Jordi</subfield>
      <subfield code="e">author</subfield>
   </datafield>
   <datafield ind2=" " ind1=" " tag="720">
      <subfield code="a">Santos Pérez, Salud</subfield>
      <subfield code="e">author</subfield>
   </datafield>
   <datafield ind2=" " ind1=" " tag="260">
      <subfield code="c">2018-07-02T08:53:02Z</subfield>
   </datafield>
   <datafield ind2=" " ind1=" " tag="260">
      <subfield code="c">2018-07-02T08:53:02Z</subfield>
   </datafield>
   <datafield ind2=" " ind1=" " tag="260">
      <subfield code="c">2017-05-18</subfield>
   </datafield>
   <datafield ind2=" " ind1=" " tag="260">
      <subfield code="c">2018-07-02T08:53:02Z</subfield>
   </datafield>
   <datafield ind2=" " ind1=" " tag="520">
      <subfield code="a">Introduction: The role of Pulmonary and Activation-Regulated Chemokine (PARC) in the physiopathology of Chronic Obstructive Pulmonary Disease (COPD) is not fully understood. The aim of the present study is to analyze the expression of PARC in lung tissue and its relationship with the vascular remodeling of the systemic and pulmonary arteries of COPD subjects. Methods: To achieve this objective, protein and gene expression experiments, together with ELISA assays, were performed on the lung tissue, intercostal arteries and serum samples from COPD patients, non-obstructed smokers (NOS) and never-smokers (NS). Results: A total of 57 subjects were included in the analysis (23 COPD, 18 NOS and 16 NS). In the comparisons between groups, a significantly increased lung protein expression of PARC was observed in the COPD group compared to the NOS group (1.96±0.22 vs. 1.29±0.27, P-adjusted = 0.038). PARC was located predominantly in the smooth muscle cells of the remodeled pulmonary muscular arteries and the macrophage-rich area of the alveolar parenchyma. No differences were detected in PARC gene expression analyses. The protein content of PARC in the intercostal arteries were similar between groups, though little remodeling was observed in these arteries. Circulating levels of PARC were numerically higher in patients with COPD compared to NOS and NS. Conclusion: The results of the present study suggest an increased lung protein expression of PARC in COPD subjects. This protein was mainly localized in the smooth muscle cells of the pulmonary muscular arteries and was associated with the severity of intimal thickening, indicating its possible role in this remodeling process.</subfield>
   </datafield>
   <datafield tag="653" ind2=" " ind1=" ">
      <subfield code="a">Malalties pulmonars obstructives cròniques</subfield>
   </datafield>
   <datafield tag="653" ind2=" " ind1=" ">
      <subfield code="a">Malalties vasculars</subfield>
   </datafield>
   <datafield tag="653" ind2=" " ind1=" ">
      <subfield code="a">Quimiocines</subfield>
   </datafield>
   <datafield tag="653" ind2=" " ind1=" ">
      <subfield code="a">Chronic obstructive pulmonary diseases</subfield>
   </datafield>
   <datafield tag="653" ind2=" " ind1=" ">
      <subfield code="a">Vascular diseases</subfield>
   </datafield>
   <datafield tag="653" ind2=" " ind1=" ">
      <subfield code="a">Chemokines</subfield>
   </datafield>
   <datafield ind2="0" ind1="0" tag="245">
      <subfield code="a">Vascular disease in COPD: systemic and pulmonary expression of PARC (Pulmonary and Activation-Regulated Chemokine)</subfield>
   </datafield>
</record></metadata></record></GetRecord></OAI-PMH>